Rosa Bologna (2017/2018) - Statistics

Statistiche generali
  • Questo quiz è stato fatto 63 volte
  • Il punteggio medio è 10 su 24
Statistiche sulle risposte
NAZIONALITA' GIOCATORE % Corretto
Italia Mirante
80%
Brasile Da Costa
76%
Cile Pulgar
61%
Senegal Mbaye
59%
Argentina Palacio
57%
Ghana Donsah
47%
Ungheria Nagy
47%
Grecia Torosidis
47%
Italia Verdi
45%
Costa Rica Gonzalez
43%
Svezia Helander
43%
Francia De Maio
39%
Cechia Krejci
39%
Italia Destro
37%
Svezia Krafth
37%
Italia Maietta
37%
Croazia Petkovic
37%
Algeria Taider
37%
Italia Poli
33%
Italia Ravaglia
31%
Italia Masina
29%
Italia Di Francesco
27%
Uruguay Avenatti
16%
Italia Crisetig
16%
Nessun quiz corrispondente trovato
Distribuzione punteggi
Percentuale di utenti per punteggio
Percentile per numero di risposta
I tuoi punteggi nel tempo
Non hai fatto questo quiz